| 000 | 00670nam a2200217 4500 | ||
|---|---|---|---|
| 003 | OSt | ||
| 005 | 20240705022231.0 | ||
| 006 | a | ||
| 008 | 240705b |||||||| |||| 00| 0 eng d | ||
| 020 | _a9780470057490 | ||
| 040 |
_aDWCL-HMN lib. _cOC |
||
| 082 |
_2Second edition _aCirc. 610.730692 In43 2008 |
||
| 245 | _aThe Informed practice nurse / | ||
| 250 | _aSecond edition | ||
| 260 |
_aEngland: _bJohn Wiley & Sons, ltd., _cc2008. |
||
| 300 |
_axvi, _b319p.: ill.; _c23 cm. |
||
| 650 | _a1. Nurse practitioners-Great Britain. | ||
| 650 | _a2. Primary Care(Medicine)-Great Britain. | ||
| 700 | _aMarilyn Edwards | ||
| 942 |
_2ddc _n0 _cBK-CIRC _eSecond edition _kCirc. |
||
| 999 |
_c1996 _d1996 |
||